Dividing 1,000,000 - Statistics

General Stats
  • This quiz has been taken 114 times
    75 since last reset
  • The average score is 11 of 19
Answer Stats
/2 Answer % Correct
x/2 250000
100%
x/2 500000
100%
x/2 125000
98%
x/2 31250
97%
x/2 62500
97%
x/2 15625
88%
x/2 7812.5
81%
x/2 3906.25
76%
x/2 1953.125
74%
x/2 976.5625
50%
x/2 244.140625
38%
x/2 488.28125
38%
x/2 122.0703125
34%
x/2 61.03515625
28%
x/2 30.517578125
19%
x/2 15.2587890625
16%
x/2 7.62939453125
16%
x/2 3.81469726563
7%
x/2 1.90734863281
5%
No matching quizzes found
Score Distribution
Percent of People with Each Score
Percentile by Number Answered
Your Score History
You have not taken this quiz since the last reset